000 00392nam a22001577a 4500
003 IT-RoPau
005 20220918181102.0
008 130315b xxu||||| |||| 00| 0 eng d
040 _cIT-RoPau
100 _aFamiglia Paolina
_998
245 _aSan Paolo 1953 (raccolta rilegata)
250 _a1° ed.
260 _aRoma
_bCasa Generalizia SSP
_c1953
300 _c25,5 cm
942 _2ddc
_cCR
999 _c98252
_d98252